• 首页
  • 本馆介绍
  • 公告通知
  • 最新文献
  • 馆藏检索
  • 电子资源
  • 读者导购
  • 参考咨询
  • 我的图书馆
  • 登录
  • 详细信息显示
  • 放入我的书架
  • 预约/预借图书
  • 作者相关作品
  • 分类相关作品
  • 丛书相关作品
  • 出版社相关作品

书目信息

  • 表格格式
  • 工作单格式
  • 卡片格式
题名:
创新和完善农村金融服务支持体系研究
    
 
作者: 巩云华 著
分册:  
出版信息: 北京   中国金融出版社  2009
页数: 222页
开本: 23cm
丛书名:
单 册:
中图分类: F832.35
科图分类:
主题词: 农村金融--经济体制改革--研究--中国 , 农村金融 , 经济体制改革
电子资源:
ISBN: 978-7-5049-5280-6
000 00949nam0 2200265 45
001 1034526655
005 20100319083618.71
010    @a978-7-5049-5280-6@dCNY30.00
100    @a20100312d2009 em y0chiy50 ea
101 0  @achi
102    @aCN@b110000
105    @ay z 000yy
106    @ar
200 1  @a创新和完善农村金融服务支持体系研究@AChuang Xin He Wan Shan Nong Cun Jin Rong Fu Wu Zhi Chi Ti Xi Yan Jiu@f巩云华著@FGong Yun Hua Zhu
210    @a北京@c中国金融出版社@d2009
215    @a222页@d23cm
300    @a中国农村金融创新研究系列论著
330    @a本书共分十一章,内容包括:创新和完善农村金融服务支持体系的理论基础、农村金融体系的发展现状和问题、农村金融服务支持体系的国际比较和经验借鉴等。
606 0  @a农村金融@x经济体制改革@x研究@y中国
606 0  @a农村金融
606 0  @a经济体制改革
690    @aF832.35@v4
701  0 @a巩云华@AGong Yun Hua@4著
801  0 @aCN@bTANGWEI@c20100319
905    @b0585977-79@dF832.35@e68@f3
    
    创新和完善农村金融服务支持体系研究/巩云华著.-北京:中国金融出版社,2009
    222页;23cm
    中国农村金融创新研究系列论著
    
    ISBN 978-7-5049-5280-6:CNY30.00
    本书共分十一章,内容包括:创新和完善农村金融服务支持体系的理论基础、农村金融体系的发展现状和问题、农村金融服务支持体系的国际比较和经验借鉴等。
●
相关链接 在E读中查询图书 在五车中查询图书 在当当中查询图书 在豆瓣中查询图书


正题名:创新和完善农村金融服务支持体系研究     索取号:F832.35/68         预约/预借

序号 登录号 条形码 馆藏地/架位号 状态 备注
1 0585977   205859775   第一样本阅览室/ [索取号:F832.35/68] 在馆    
2 0585978   205859784   密集书库-海洋学院/ [索取号:F832.35/68] 在馆    
3 0585979   205859793   第一借阅区/ [索取号:F832.35/68] 在馆    
唐山师范学院图书馆 欢迎您!
大连网信软件有限公司© 版权所有